Liedtext - Du - Cro - Statistiken

Allgemein
  • Dieses Quiz wurde 654 mal gespielt
    339 seit der letzten Aktualisierung
  • Das Durchschnittsergebnis liegt bei 344 aus 491
Antwortstatistiken
Textquiz % Korrekt
du
95%
Du
95%
ich
93%
Ich
93%
da
91%
Sie
90%
sie
90%
das
89%
und
88%
Und
88%
bist
85%
der
85%
is'
85%
an
83%
Beste
83%
weg
83%
wieder
83%
hier
81%
Ist
81%
ist
81%
mir
81%
von
81%
ein
80%
es
80%
sag
80%
Was
79%
was
79%
will
79%
Mal
78%
mal
78%
den
77%
sagt
77%
Sagt
77%
gern
76%
die
75%
nie
75%
am
73%
ans
73%
Baby
73%
glaub
73%
Meer
73%
würde
73%
zu
73%
nich'
72%
Denn
71%
denn
71%
viel
71%
weit
71%
bleibt
70%
so
70%
dass
69%
mich
69%
nicht
69%
Wär
69%
wär
69%
Hat
68%
Stress
68%
in
67%
Man
67%
man
67%
wenn
67%
alles
66%
egal
66%
hör
66%
Ja
66%
nur
66%
Nur
66%
besten
65%
dir
65%
einfach
65%
gefällt
65%
gleich
65%
Ne
65%
Welt
65%
wir
65%
cool
64%
wohin
64%
Zeit
64%
dich
63%
weiß
63%
gibt
62%
hätt'
62%
mit
61%
bin
60%
nach
58%
seh'
58%
Rest
57%
Geld
56%
yeah
56%
Ey
55%
ihr
55%
meine
55%
uns
55%
Ey
54%
London
54%
Paris
54%
reich
54%
um
54%
hast
53%
vergiss
51%
ansiehst
50%
dann
50%
jetzt
50%
keinen
50%
raus
50%
Doch
49%
doch
49%
frei
49%
ob
49%
steh'n
49%
als
48%
noch
48%
sich
48%
kurz
46%
reicht
46%
stressfrei
46%
ganz
45%
jedes
45%
mach
45%
Wert
45%
bringt
44%
geht
44%
heim
44%
zwei
44%
eigentlich
43%
gegen
43%
hält
43%
jeder
43%
schaut
43%
Wunsch
43%
aber
42%
dreht
42%
zur
42%
Nichts
41%
selbst
41%
Kopf
40%
Lieblingslied
40%
plötzlich
40%
Star
39%
verdammt
39%
fragst
38%
Fühlt
38%
Club
37%
fällt
37%
smilen
37%
genau
36%
mag
36%
muss
36%
spielt
36%
diese
35%
macht
35%
Tag
35%
denk
34%
zerbrech'
34%
bald
33%
dran
33%
du'n
33%
Nein
33%
glaubt
32%
kaum
32%
grade
30%
Spaß
30%
geil
29%
fest
28%
wahr
28%
versprech
26%
sondern
24%
Keine übereinstimmenden Quizze gefunden
Verteilung der Resultate
Anzahl Personen mit jedem Resultat
Perzentil nach korrekt beantworteten Fragen
Ihre Resultats-Entwicklung
Sie haben dieses Quiz seit der letzten Aktualisierung nicht gespielt